Когнитивный поворот современной фундаментальной науки и формирование когнитивной компетентности в университетской образовательной практике; Вестник науки Сибири; № 1 (1)

Detaylı Bibliyografya
Parent link:Вестник науки Сибири: электронный научный журнал/ Томский политехнический университет (ТПУ).— , 2011-.— 2226-0064
№ 1 (1).— 2011.— [С. 529-532]
Yazar: Петрова Г. И. Галина Ивановна
Özet:Заглавие с титульного листа
Рассматриваются следствия когнитивного поворота науки и контекстуальной формы ее фундаментальности для университетского образования. Делается вывод о необходимости сохранения классического критерия университета - фундаментальность образования, - но в его новой форме.
Dil:Rusça
Baskı/Yayın Bilgisi: 2011
Seri Bilgileri:Общественные науки
Konular:
Online Erişim:http://earchive.tpu.ru/handle/11683/14988
Materyal Türü: Elektronik Kitap Bölümü
KOHA link:https://koha.lib.tpu.ru/cgi-bin/koha/opac-detail.pl?biblionumber=478052

MARC

LEADER 00000naa2a2200000 4500
001 478052
005 20231101093037.0
035 |a (RuTPU)RU\TPU\prd\144848 
035 |a RU\TPU\prd\144847 
090 |a 478052 
100 |a 20120626d2011 k y0rusy50 ca 
101 0 |a rus 
102 |a RU 
135 |a drnn ---uucaa 
181 0 |a i  
182 0 |a b 
200 1 |a Когнитивный поворот современной фундаментальной науки и формирование когнитивной компетентности в университетской образовательной практике  |f Г. И. Петрова 
203 |a Текст  |c электронный 
215 |a 1 файл (471 Кб) 
225 1 |a Общественные науки 
230 |a Электронные текстовые данные (1 файл : 471 Кб) 
300 |a Заглавие с титульного листа 
320 |a [Библиогр.: с. 532 (3 назв.)] 
330 |a Рассматриваются следствия когнитивного поворота науки и контекстуальной формы ее фундаментальности для университетского образования. Делается вывод о необходимости сохранения классического критерия университета - фундаментальность образования, - но в его новой форме. 
337 |a Adobe Reader 
461 1 |0 (RuTPU)RU\TPU\prd\143680  |x 2226-0064  |t Вестник науки Сибири  |o электронный научный журнал  |f Томский политехнический университет (ТПУ)  |d 2011- 
463 1 |0 (RuTPU)RU\TPU\prd\143681  |t № 1 (1)  |v [С. 529-532]  |d 2011 
610 1 |a философия 
610 1 |a научное знание 
610 1 |a университетское образование 
610 1 |a фундаментальность 
610 1 |a современная наука 
610 1 |a фундаментальная наука 
610 1 |a когнитивный поворот 
610 1 |a электронный ресурс 
675 |a 165.1  |v 3 
700 1 |a Петрова  |b Г. И.  |g Галина Ивановна 
801 1 |a RU  |b 63413507  |c 20090623  |g PSBO 
801 2 |a RU  |b 63413507  |c 20180116  |g PSBO 
856 4 |u http://earchive.tpu.ru/handle/11683/14988 
942 |c BK